000 00936nam0a2200301 4500
001 RU\NLR\bibl\814217
005 20260405154457.0
010 _a5-699-10161-6
_94000
021 _aRU
_b2005-19304
_9982
035 _a(NLR Aleph) 000803263
090 _a1194728
_c1194728
100 _a20050630d2005 |||y0rusy50 ca
101 0 _arus
102 _aRU
105 _aah |||||||||
200 1 _aРусская эпиграмма
_f[сост. Б. Евсеев]
210 _aМосква
_cЭксмо
_d2005
215 _a350, [1] c.
_cил., факс.
_d15
225 1 _aСамое лучшее, самое любимое
686 _aШ6(2=Р)-7
702 1 _4220
_8rus
_7ca
_aЕвсеев
_bБ. Т.
_f1951-
_gБорис Тимофеевич
_3RU\NLR\AUTH\7765406
_948335
801 0 _aRU
_bNLR
_c20050630
_grcr
801 1 _aRU
_bNLR
_c20050630
942 _cBOOK
980 _aNB